[Event "Fortaleza Borges Memorial 8th"]
[Site "Fortaleza"]
[Date "2010.05.09"]
[Round "7.9"]
[White "Vitor, Francisco Reginaldo"]
[Black "Amorim, Marcio Felipe De Me"]
[Result "0-1"]
[WhiteElo "1839"]
[BlackElo "1952"]
[PlyCount "86"]
[EventDate "2010.04.30"]
[EventType "swiss"]
[EventRounds "7"]
[EventCountry "BRA"]
[SourceTitle "EXT 2022"]
[Source "ChessBase"]
[SourceDate "2021.10.06"]
[SourceVersion "1"]
[SourceVersionDate "2021.10.06"]
[SourceQuality "1"]

1. d4 Nf6 2. Nf3 d5 3. Bg5 e6 4. e3 Be7 5. c3 0-0 6. Bd3 Nbd7 7. Ne5 Nxe5 8. dxe5 Ne4 9. Bf4 f5 10. exf6 Nxf6 11. Nd2 Bd6 12. Nf3 Bxf4 13. exf4 Qd6 14. g3 c5 15. Qd2 Bd7 16. 0-0-0 b5 17. Rhe1 a5 18. Ne5 c4 19. Bc2 Rfb8 20. g4 Be8 21. f5 exf5 22. gxf5 Rb7 23. Qd4 Bh5 24. f3 Re8 25. Re3 Rbe7 26. Rde1 Kf8 27. Qf4 Qc5 28. Qd4 Qxd4 29. cxd4 Rc7 30. Kd2 Rb8 31. h3 b4 32. b3 Be8 33. Ng4 cxb3 34. Bxb3 a4 35. Nxf6 gxf6 36. Rxe8+ Rxe8 37. Rxe8+ Kxe8 38. Bxa4+ Ke7 39. Bb3 Kd6 40. Ke3 Rg7 41. Kf4 h5 42. h4 Rg2 43. Ke3 Rh2 0-1

[Event "Fortaleza Borges Memorial 8th"]
[Site "Fortaleza"]
[Date "2010.05.01"]
[Round "2.12"]
[White "Vitor, Francisco Reginaldo"]
[Black "Vidal, Joao Batista"]
[Result "1-0"]
[WhiteElo "1839"]
[BlackElo "1696"]
[PlyCount "83"]
[EventDate "2010.04.30"]
[EventType "swiss"]
[EventRounds "7"]
[EventCountry "BRA"]
[SourceTitle "EXT 2022"]
[Source "ChessBase"]
[SourceDate "2021.10.06"]
[SourceVersion "1"]
[SourceVersionDate "2021.10.06"]
[SourceQuality "1"]

1. e4 c5 2. Nf3 d6 3. Bb5+ Bd7 4. Bxd7+ Nxd7 5. 0-0 Ngf6 6. Re1 e5 7. c3 Be7 8. d4 0-0 9. Qb3 Rb8 10. a4 a5 11. Na3 h6 12. d5 Ne8 13. Nc4 b6 14. Ne3 Bf6 15. Nf5 Qc7 16. c4 Rb7 17. Bd2 Nb8 18. Ra3 Na6 19. g4 Nb4 20. h4 Qd8 21. g5 hxg5 22. hxg5 Be7 23. Kg2 g6 24. Nxe7+ Qxe7 25. Rh1 Qd7 26. Rh4 Ng7 27. Qd1 Nh5 28. Nh2 Nf4+ 29. Bxf4 exf4 30. Rxf4 Qe7 31. Rg3 Qe5 32. Rh4 Kg7 33. Ng4 Qxe4+ 34. f3 Qxc4 35. Rgh3 Rg8 36. Nf6 Qc2+ 37. Qxc2 Nxc2 38. Nxg8 Ne3+ 39. Kg1 Nxd5 40. Rh7+ Kf8 41. Rh8 Nf4 42. Nf6+ 1-0